Hannaman : (Record no. 56346)

MARC details
000 -LEADER
fixed length control field 00937nam a22002417a 4500
005 - DATE AND TIME OF LATEST TRANSACTION
control field 20110905154821.0
008 - FIXED-LENGTH DATA ELEMENTS--GENERAL INFORMATION
fixed length control field 110905t xxu||||| |||| 00| 0 eng d
010 ## - LCCN (DPL NO)
LC control number ENG-103758
020 ## - INTERNATIONAL STANDARD BOOK NUMBER
International Standard Book Number 8182060192
Terms of availability 225.00
020 ## - INTERNATIONAL STANDARD BOOK NUMBER
International Standard Book Number 9788182060197
Terms of availability 225.00
035 ## - SYSTEM CONTROL NUMBER
System control number EN-87291
037 ## - SOURCE OF ACQUISITION
Source of stock number/acquisition DBAD/PUB
040 ## - CATALOGING SOURCE
Original cataloging agency dpl
Language of cataloging Eng
082 ## - DEWEY DECIMAL CLASSIFICATION NUMBER
Classification number 920
100 ## - MAIN ENTRY--PERSONAL NAME
Personal name Mitra, Jaya
9 (RLIN) 34404
245 ## - TITLE STATEMENT
Title Hannaman :
Statement of responsibility, etc by Jaya Mitra ; translated by Rinita Mazumdar
Remainder of title one who is in the process of being killed : prison memoirs of a Indian women /
260 ## - PUBLICATION, DISTRIBUTION, ETC. (IMPRINT)
Place of publication, distribution, etc Kolkata
Name of publisher, distributor, etc Towards Freedom
Date of publication, distribution, etc (201?)
270 ## - ADDRESS
Address AH-202,Sector II, Salt Lake,
City Kolkata
Postal code 700091
Telephone number 23212902, 9331030579
Electronic mail address towardsfreedom@gmail.com
300 ## - PHYSICAL DESCRIPTION
Extent 111p.
Dimensions 22cm (pbk)
700 ## - ADDED ENTRY--PERSONAL NAME
9 (RLIN) 34402
Personal name Mazumdar,Rinita
942 ## - ADDED ENTRY ELEMENTS (KOHA)
Source of classification or shelving scheme Dewey Decimal Classification
Item type English Books
Classification part 920
Call number suffix MIT
Holdings
Withdrawn status Lost status Source of classification or shelving scheme Damaged status Not for loan Collection code Home library Current library Date acquired Source of acquisition Cost, normal purchase price Total Checkouts Full call number Barcode Date last seen Copy number Cost, replacement price Koha item type
    Dewey Decimal Classification     Non-fiction D.B.Act.Division D.B.Act.Division 05/09/2011 DBAD/PUB 225.00   920 MIT EN-87291 05/09/2011 1 225.00 English Books

© Delhi Public Library
Hit Counter
free hit counter